000 00505nam a2200193Ia 4500
005 20240521093223.0
008 131103s9999 xx 000 0 und d
040 _aLoreto College
041 _aEnglish
082 _a510
_bSEA
100 _aSealey, L.G.W.
245 4 _aThe creative use of mathematices
_b in the junior school
_cL.G.W.Sealey
260 _aOxford
_bBasil blackwell
_c1964
300 _a104p.
504 _aIncludues index
650 _aMathematics
850 _aLCBED
942 _cBK
999 _c28114
_d78593